| 000 | 00378 a2200145 4500 | ||
|---|---|---|---|
| 001 | 149944 | ||
| 040 | _cEscola São Tomás de Aquino | ||
| 100 | _aAMADO, Roberto | ||
| 240 | 1 | 0 |
_aAs aventuras de Iakti, o indiozinho _lpor |
| 245 | 1 | 0 | _aAs aventuras de Iakti, o indiozinho |
| 362 | 0 | _a1998 | |
| 440 | 1 | _aAtual | |
| 697 | _aFolclore / Adivinhações / Lendas | ||
| 942 | _cBK | ||
| 999 |
_c149944 _d149944 |
||